| 000 | 00416nam a22001217a 4500 | ||
|---|---|---|---|
| 082 | _a220 PRO | ||
| 100 |
_aAWAD AHMAD, MAJID GHAFOOR,YAHYA _972366 |
||
| 245 | _aPR-SOF-1048-DESIGN AND FABRICATION OF BODY, CHASSIS AND SUSPENSION OF A LIGHT WEIGHT URBAN CLASS HYBRID AUTOMOTIVE | ||
| 260 |
_aISLAMABAD _bNUST COLLEGE OF EME _c2010 |
||
| 650 | _aDE-MECH-28 | ||
| 700 |
_aSUPERVISOR ,IKHLAQ KHATTAK _972367 |
||
| 942 | _cCR | ||
| 999 |
_c578428 _d578428 |
||